<?xml version="1.0" encoding="UTF-8"?><?xml-stylesheet type="text/xsl" href="static/style.xsl"?><OAI-PMH xmlns="http://www.openarchives.org/OAI/2.0/" xmlns:xsi="http://www.w3.org/2001/XMLSchema-instance" xsi:schemaLocation="http://www.openarchives.org/OAI/2.0/ http://www.openarchives.org/OAI/2.0/OAI-PMH.xsd"><responseDate>2026-06-03T09:01:10Z</responseDate><request verb="GetRecord" identifier="oai:riuma.uma.es:10630/30094" metadataPrefix="marc">https://riuma.uma.es/rest/oai/request</request><GetRecord><record><header><identifier>oai:riuma.uma.es:10630/30094</identifier><datestamp>2026-02-03T11:42:41Z</datestamp><setSpec>com_10630_2254</setSpec><setSpec>col_10630_37956</setSpec></header><metadata><record xmlns="http://www.loc.gov/MARC21/slim" xmlns:dcterms="http://purl.org/dc/terms/" xmlns:doc="http://www.lyncode.com/xoai" xmlns:xsi="http://www.w3.org/2001/XMLSchema-instance" xsi:schemaLocation="http://www.loc.gov/MARC21/slim http://www.loc.gov/standards/marcxml/schema/MARC21slim.xsd">
   <leader>00925njm 22002777a 4500</leader>
   <datafield ind2=" " ind1=" " tag="042">
      <subfield code="a">dc</subfield>
   </datafield>
   <datafield ind2=" " ind1=" " tag="720">
      <subfield code="a">Vázquez-Fariñas, María</subfield>
      <subfield code="e">author</subfield>
   </datafield>
   <datafield ind2=" " ind1=" " tag="720">
      <subfield code="a">Castro Valdivia, Mariano</subfield>
      <subfield code="e">author</subfield>
   </datafield>
   <datafield ind2=" " ind1=" " tag="720">
      <subfield code="a">Matés Barco, Juan Manuel</subfield>
      <subfield code="e">author</subfield>
   </datafield>
   <datafield ind2=" " ind1=" " tag="260">
      <subfield code="c">2022</subfield>
   </datafield>
   <datafield ind2=" " ind1=" " tag="520">
      <subfield code="a">Este capítulo aborda la estrategia regional llevada a cabo por “Catalana de Gas y Electricidad” en la década de los sesenta del siglo XX. En concreto, analiza la política de expansión territorial planificada por D. Pedro Durán Farell, instrumentalizada a través de la compra de la Compañía Española del Gas, S. A. (CEGAS, S. A.), y el proceso de modernización que realizó en las factorías adquiridas de Valencia, Cádiz, Málaga, Murcia y Santander, así como en las que tenía en Cataluña y Sevilla capital. También se estudia el proceso de transición tecnológica de las plantas de carbón a las de naftas ligeras y el desarrollo de interconexiones entre las fábricas que se produjo durante esta década. Por último, se explica cómo esta empresa consiguió introducir el Gas Natural en nuestro país.</subfield>
   </datafield>
   <datafield ind1="8" ind2=" " tag="024">
      <subfield code="a">VÁZQUEZ-FARIÑAS, María; CASTRO-VALDIVIA, M. y MATÉS-BARCO, J. M. (2022): «Desarrollo y difusión del gas natural en España: Catalana de Gas (1960-1970)», en Bartolomé Rodríguez, I., Fernández-Paradas, M. y Mirás Araujo, J. (Eds.), Bajo la cálida luz del gas. Los mercados regionales de la industria gasista en España (siglos XIX y XX), pp. 285-305. Sílex Ediciones.</subfield>
   </datafield>
   <datafield ind1="8" ind2=" " tag="024">
      <subfield code="a">9788419077240</subfield>
   </datafield>
   <datafield ind1="8" ind2=" " tag="024">
      <subfield code="a">https://hdl.handle.net/10630/30094</subfield>
   </datafield>
   <datafield tag="653" ind2=" " ind1=" ">
      <subfield code="a">Catalana de Gas y Electricidad</subfield>
   </datafield>
   <datafield ind2="0" ind1="0" tag="245">
      <subfield code="a">Desarrollo y difusión del gas natural en España: Catalana de Gas (1960-1970)</subfield>
   </datafield>
</record>
</metadata></record></GetRecord></OAI-PMH>